Developing Clinical Practice Skills for Pharmaceists (Record no. 75720)

MARC details
000 -LEADER
fixed length control field 00430pam a2200145 a 4500
020 ## - INTERNATIONAL STANDARD BOOK NUMBER
International Standard Book Number 9789749823989
Terms of availability
041 ## - LANGUAGE CODE
Language code of text/sound track or separate title eng
082 ## - DEWEY DECIMAL CLASSIFICATION NUMBER
Classification number 615.191
Item number GAL
100 ## - MAIN ENTRY--PERSONAL NAME
Personal name Galt, Kimberly.
245 ## - TITLE STATEMENT
Title Developing Clinical Practice Skills for Pharmaceists
Medium Textual Documents
260 ## - PUBLICATION, DISTRIBUTION, ETC.
Place of publication, distribution, etc. Noida
Name of publisher, distributor, etc. American Society of Health System Pharmacists
Date of publication, distribution, etc. 2007
300 ## - PHYSICAL DESCRIPTION
Extent 278.
653 ## - INDEX TERM--UNCONTROLLED
Uncontrolled term Pharmaceutics(Manufacture & Preparation)
930 ## - EQUIVALENCE OR CROSS-REFERENCE-UNIFORM TITLE HEADING [LOCAL, CANADA]
Uniform title 2438
Holdings
Withdrawn status Lost status Damaged status Not for loan Collection Home library Current library Date acquired Source of acquisition Cost, normal purchase price Total Checkouts Full call number Barcode Date last seen Copy number Price effective from Koha item type
          Poona College of Pharmacy, Pune Poona College of Pharmacy, Pune 10/01/2017 Sai Book Centre 4563.00   615.191 GAL PCP-PHRD-5710 24/02/2023 1 24/02/2023 Book